| 000 | 00773nam a22002057a 4500 | ||
|---|---|---|---|
| 999 |
_c17197 _d17197 |
||
| 003 | AR-CdUCM | ||
| 008 | 190507b ||||| |||| 00| 0 spa d | ||
| 040 |
_aMUNICIPALIDAD PROVINCIAL DEL CUSCO _cBIBLIOTECA MUNICIPAL DEL CUSCO |
||
| 082 |
_a946.01 / _bM41 |
||
| 100 |
_aMélida, José R. _937066 |
||
| 245 |
_aArqueología española / _b |
||
| 260 |
_aBarcelona : _bLabor, _c1929. |
||
| 300 |
_a418 páginas ; _c19 cm. |
||
| 440 |
_aBiblioteca de iniciación cultural. _937067 |
||
| 505 | _aContenido :Edad de la piedra -- Segunda época paleolítica - Época neolitica -- Edad del bronce -- Edad del hierro -- Antigüedades romanas ... | ||
| 650 |
_aÉpoca paleolítica. _937068 |
||
| 650 |
_aEdad de piedra. _915210 |
||
| 942 |
_2ddc _cLIBROS |
||
| 945 |
_arum _d2019-05-07 |
||